| 000 | 01182cam a22003497a 4500 | ||
|---|---|---|---|
| 003 | CHAP | ||
| 005 | 20220329133110.0 | ||
| 008 | 971013s1991 r 00010 d | ||
| 010 | _a2121 | ||
| 011 | _a3093 | ||
| 035 | _a2293 | ||
| 040 | _cCHAP | ||
| 090 | _aTesis | ||
| 100 | 0 | 0 |
_aVargas Carrillo, Jorge. _9117988 |
| 245 | 0 | _aDinámica de la degradación de los recursos naturales en el Valle de Toluca, Estado de México | |
| 260 |
_aMontecillo, Méx. : _bEl Autor, _c1991 |
||
| 300 |
_a179 h. _b: ilus. |
||
| 502 | _aTesis (M.C. Esp. en Edafología) -- C.P. Centro de Edafología | ||
| 590 |
_aALEPH _b10 _c20130110 _lUCH01 _h1212 |
||
| 590 |
_aBATCH-UPD _b10 _c20130110 _lUCH01 _h0858 |
||
| 590 |
_aBATCH-UPD _b10 _c20130410 _lUCH01 _h0528 |
||
| 590 |
_aBATCH-UPD _b10 _c20130914 _lUCH01 _h1158 |
||
| 590 |
_aCONVERSION _b10 _c20130109 _lUCH01 _h1302 |
||
| 650 | 1 | 4 |
_aDesertificación. _932128 |
| 650 | 1 | 4 |
_aErosión. _937335 |
| 650 | 1 | 4 |
_aRecursos naturales _zMéxico (Edo.). _995330 |
| 650 | 1 | 4 |
_aSuelos _xDegradación. _9110336 |
| 901 | _aBK | ||
| 942 | _cFOLL | ||
| 949 |
_bBC _cTES _d-11793 _eTS1 _h24352 _i2293 _si |
||
| 949 |
_bBC _cTES _d33724000695607 _eTS2 _fc.2 _h24369 _i2293 _si |
||
| 999 |
_c2121 _d2121 |
||